| 000 | 01007nam a2200229 i 4500 | ||
|---|---|---|---|
| 001 | 166480 | ||
| 003 | ES-MaACL | ||
| 005 | 20230906213337.0 | ||
| 008 | 000207s1868 fr acf |||| | spa d | ||
| 040 |
_aCCPB | B _bspa _cCCPB | B |
||
| 080 | _a930.85(410) | ||
| 100 | 1 |
_aTorres Caicedo, José María. _9133326 |
|
| 245 | 1 | 0 |
_aEstudios sobre el gobierno inglés y sobre la influencia anglo-sajona / _cJosé M. Tórres Caicedo. |
| 260 |
_aParís : _bBaudry, librería europea : _bDamard-Baudry y cia, sucesores, _c1868 ( _fimprenta general de Ch. Lahure) |
||
| 300 |
_a2 v. (412, [1] h. de grab. ; 392 p.) ; _c23 cm. |
||
| 500 | _aTexto en español; prólogo en francés. | ||
| 530 | _aDisponible también en sitio web. | ||
| 599 | _aLa h. de lám. es lit. | ||
| 651 | 4 |
_aGran Bretaña- _xCivilización. _9144519 |
|
| 852 |
_aES-MaACL _jF-7822-23 _z-- Enc. hol. |
||
| 856 |
_uhttp://bibliotecadigitalhispanica.bne.es:80/webclient/DeliveryManager?pid=3279856&custom_att_2=simple_viewer _zIr a la página |
||
| 999 |
_c166480 _d166480 |
||